Statystyki dla Rzeki, nad którymi założono stolice województw

Kliknij tutaj aby rozwiązać quiz!

Ogólne statystyki

  • Ten quiz został rozwiązany 524 razy
    (378 od ostatniego zresetowania)
  • Średni wynik to 10 z 16

Statystyki odpowiedzi

MiastoHistoryczna rzeka% Poprawnych
WarszawaWisła
94%
KrakówWisła
93%
GdańskMotława
92%
WrocławOdra
88%
SzczecinOdra
87%
PoznańWarta u ujścia Cybiny
86%
ToruńWisła
85%
OpoleOdra
74%
Gorzów WielkopolskiWarta u ujścia Kłodawki
62%
Bydgoszcz
Brda
58%
RzeszówWisłok
46%
OlsztynŁyna
32%
BiałystokBiała
27%
LublinBystrzyca
21%
KatowiceKłodnica i Rawa
17%
KielceSilnica
10%

Rozkład punktacji

Percentyl według liczby udzielonych odpowiedzi

Procent ludzi z każdym wynikiem

Twoja historia wyników

Nie rozwiązałeś tego quizu od ostatniego zresetowania